Le Travail des enfants et l'éducation : (Record no. 137319)

MARC details
000 -CABECERA
campo de control de longitud fija 00704nam a2200193 a 4500
005 - FECHA Y HORA DE LA ÚLTIMA TRANSACCIÓN
campo de control 20210219160418.0
008 - ELEMENTOS DE LONGITUD FIJA--INFORMACIÓN GENERAL
campo de control de longitud fija 081107s1989 mx r 000 0 spa d
035 ## - NÚMERO DE CONTROL DEL SISTEMA
Número de control de sistema UPN01000165207
049 ## - COLECCIÓN
Colección UNE
080 ## - NÚMERO DE CLASIFICACIÓN DECIMAL UNIVERSAL
Número de la Clasificación Decimal Universal 37:331- 053.2 (5)=40 BUR No.28.
100 1# - ASIENTO PRINCIPAL--NOMBRE PERSONAL
Nombre de persona Burra, Neera
245 13 - MENCIÓN DE TÍTULO
Título Le Travail des enfants et l'éducation :
Resto del título problèmes mis en lumière par l'experiencede certains pays en développement d'Asie /
Mención de responsabilidad, etc. Neera Burra.
260 ## - PUBLICACIÓN, DISTRIBUCIÓN, ETC.
Lugar de publicación, distribución, etc. Paris :
Nombre del editor, distribuidor, etc. UNESCO ;
Lugar de publicación, distribución, etc. New York :
Nombre del editor, distribuidor, etc. UNICEF,
Fecha de publicación, distribución, etc. 1989.
300 ## - DESCRIPCIÓN FÍSICA
Extensión vi, 121 p.
440 #2 - MENCIÓN DE SERIE/ASIENTO SECUNDARIO--TÍTULO
Título L'Enfant, la Famille, la Communauté ; 28
500 ## - NOTA GENERAL
Nota general Programa de cooperación UNESCO-UNICEF
690 ## - PUNTO DE ACCESO ADICIONAL DE MATERIA LOCAL--TÉRMINO DE MATERIA (OCLC, RLIN)
Término de materia o nombre geográfico como elemento inicial Niños que trabajan- Educacion- Asia
905 ## - TIPO DE MATERIAL
Tipo de material UNESCO
Holdings
Estado de retiro Estado de pérdida Fuente del sistema de clasificación o colocación Estado dañado No para préstamo Código de colección Localización permanente Ubicación/localización actual Ubicación en estantería Fecha de adquisición Clasificación Código de barras Fecha visto por última vez Número de copia Tipo de ítem Koha
    Library of Congress Classification   Disponible (Préstamo en sala) UNESCO Bib. Gregorio Torres Quintero Bib. Gregorio Torres Quintero Colecciones especiales Planta alta 03/02/2023 37: 331-053.2 (5) =40 BUR No. 28 U6259 31/12/2020 1 Libro